[Event "178th Stay Safe Play From Home series"]
[Site "T#646379Emanuel Laske"]
[Date "2020.05.27"]
[Round "6"]
[White "Fischer_11"]
[Black "NeatFox"]
[Result "1-0"]
[WhiteElo "1935"]
[BlackElo "1858"]
[Annotator "NA"]
[PlyCount "123"]
[EventDate "2020.05.27"]
[EventType "swiss (blitz)"]

1. e4 {[%emt 0:00:01]} e5 {[%emt 0:00:02]} 2. Nc3 {[%emt 0:00:01]} Nc6 {[%emt 0:00:00]} 3. Bc4 {[%emt 0:00:00]} d6 {[%emt 0:00:00]} 4. d3 {[%emt 0:00:00]} Be6 {[%emt 0:00:00]} 5. Bb5 {[%emt 0:00:01]} Bd7 {[%emt 0:00:01]} 6. f4 {[%emt 0:00:01]} a6 {[%emt 0:00:01]} 7. Ba4 {[%emt 0:00:02]} exf4 {[%emt 0:00:00]} 8. Bxf4 {[%emt 0:00:01]} Nf6 {[%emt 0:00:00]} 9. Nf3 {[%emt 0:00:01]} Be7 {[%emt 0:00:00]} 10. O-O {[%emt 0:00:01]} O-O {[%emt 0:00:00]} 11. Qd2 {[%emt 0:00:01]} Bg4 {[%emt 0:00:01]} 12. h3 {[%emt 0:00:01]} Bxf3 {[%emt 0:00:01]} 13. Rxf3 {[%emt 0:00:00]} b5 {[%emt 0:00:01]} 14. Bb3 {[%emt 0:00:02]} Nd4 {[%emt 0:00:00]} 15. Rf2 {[%emt 0:00:03]} Nxb3 {[%emt 0:00:01]} 16. axb3 {[%emt 0:00:00]} Nd7 {[%emt 0:00:01]} 17. Nd5 {[%emt 0:00:01]} Ne5 {[%emt 0:00:01]} 18. Bxe5 {[%emt 0:00:03]} dxe5 {[%emt 0:00:01]} 19. Nxe7+ {[%emt 0:00:05]} Qxe7 {[%emt 0:00:01]} 20. Qc3 {[%emt 0:00:01]} f6 {[%emt 0:00:02]} 21. Qc6 {[%emt 0:00:02]} Qd6 {[%emt 0:00:01]} 22. Qc3 {[%emt 0:00:05]} Rfc8 {[%emt 0:00:03]} 23. Ra5 {[%emt 0:00:01]} c6 {[%emt 0:00:02]} 24. Rf1 {[%emt 0:00:01]} c5 {[%emt 0:00:01]} 25. Rfa1 {[%emt 0:00:01]} Rc6 {[%emt 0:00:04]} 26. Kh1 {[%emt 0:00:04]} Qd4 {[%emt 0:00:01]} 27. Rxb5 {[%emt 0:00:04]} Qxc3 {[%emt 0:00:02]} 28. bxc3 {[%emt 0:00:00]} Kf7 {[%emt 0:00:05]} 29. Rba5 {[%emt 0:00:01]} Kg6 {[%emt 0:00:01]} 30. Kg1 {[%emt 0:00:01]} Kg5 {[%emt 0:00:01]} 31. Kf2 {[%emt 0:00:00]} h5 {[%emt 0:00:00]} 32. Kf3 {[%emt 0:00:01]} h4 {[%emt 0:00:00]} 33. g3 {[%emt 0:00:01]} hxg3 {[%emt 0:00:01]} 34. Kxg3 {[%emt 0:00:00]} Kh5 {[%emt 0:00:01]} 35. h4 {[%emt 0:00:01]} g5 {[%emt 0:00:01]} 36. hxg5 {[%emt 0:00:01]} fxg5 {[%emt 0:00:00]} 37. c4 {[%emt 0:00:02]} g4 {[%emt 0:00:01]} 38. c3 {[%emt 0:00:01]} Kg5 {[%emt 0:00:01]} 39. b4 {[%emt 0:00:01]} cxb4 {[%emt 0:00:03]} 40. cxb4 {[%emt 0:00:00]} Re6 {[%emt 0:00:01]} 41. b5 {[%emt 0:00:01]} Ra7 {[%emt 0:00:02]} 42. Rxa6 {[%emt 0:00:00]} Raxa6 {[%emt 0:00:01]} 43. Rxa6 {[%emt 0:00:00]} Re8 {[%emt 0:00:01]} 44. b6 {[%emt 0:00:00]} Rb8 {[%emt 0:00:01]} 45. c5 {[%emt 0:00:00]} Rc8 {[%emt 0:00:00]} 46. b7 {[%emt 0:00:01]} Rb8 {[%emt 0:00:01]} 47. c6 {[%emt 0:00:00]} Re8 {[%emt 0:00:01]} 48. c7 {[%emt 0:00:00]} Rf8 {[%emt 0:00:00]} 49. c8=Q {[%emt 0:00:00]} Rf3+ {[%emt 0:00:00]} 50. Kg2 {[%emt 0:00:00]} g3 {[%emt 0:00:00]} 51. b8=Q {[%emt 0:00:00]} Rf2+ {[%emt 0:00:00]} 52. Kg1 {[%emt 0:00:01]} Kf4 {[%emt 0:00:00]} 53. Qg8 {[%emt 0:00:00]} Ke3 {[%emt 0:00:00]} 54. Qgf8 {[%emt 0:00:00]} Rf3 {[%emt 0:00:00]} 55. Qxf3+ {[%emt 0:00:01]} Kxf3 {[%emt 0:00:01]} 56. Qf8+ {[%emt 0:00:00]} Ke3 {[%emt 0:00:00]} 57. Qg8 {[%emt 0:00:00]} g2 {[%emt 0:00:00]} 58. Qg3+ {[%emt 0:00:00]} Kd4 {[%emt 0:00:00]} 59. Qxg2 {[%emt 0:00:00]} Kxd3 {[%emt 0:00:00]} 60. Qf2 {[%emt 0:00:00]} Kxe4 {[%emt 0:00:00]} 61. Qg3 {[%emt 0:00:00]} Kf5 {[%emt 0:00:00]} 62. Qxe5+ {[%emt 0:00:00] Zeit (Lag: Av=0.37s, max=0.5s)} 1-0

[Event "178th Stay Safe Play From Home series"]
[Site "T#646379Emanuel Laske"]
[Date "2020.05.27"]
[Round "6"]
[White "SecantFX"]
[Black "Emresenar"]
[Result "1-0"]
[WhiteElo "1905"]
[BlackElo "1737"]
[Annotator "RC"]
[PlyCount "121"]
[EventDate "2020.05.27"]
[EventType "swiss (blitz)"]

1. g3 {[%emt 0:00:01]} b6 {[%emt 0:00:00]} 2. Bg2 {[%emt 0:00:00]} c6 {[%emt 0:00:01]} 3. f3 {[%emt 0:00:00]} Bb7 {[%emt 0:00:00]} 4. d3 {[%emt 0:00:00]} g6 {[%emt 0:00:01]} 5. e4 {[%emt 0:00:00]} Bg7 {[%emt 0:00:00]} 6. Ne2 {[%emt 0:00:00]} e6 {[%emt 0:00:00]} 7. c3 {[%emt 0:00:00]} Ne7 {[%emt 0:00:00]} 8. d4 {[%emt 0:00:00]} d5 {[%emt 0:00:00]} 9. e5 {[%emt 0:00:00]} Nd7 {[%emt 0:00:01]} 10. g4 {[%emt 0:00:00]} c5 {[%emt 0:00:00]} 11. f4 {[%emt 0:00:00]} Qc7 {[%emt 0:00:01]} 12. h3 {[%emt 0:00:01]} O-O-O {[%emt 0:00:01]} 13. O-O {[%emt 0:00:01]} Kb8 {[%emt 0:00:00]} 14. Be3 {[%emt 0:00:01]} c4 {[%emt 0:00:01]} 15. Nd2 {[%emt 0:00:01]} f6 {[%emt 0:00:01]} 16. Rc1 {[%emt 0:00:01]} Rhf8 {[%emt 0:00:01]} 17. b3 {[%emt 0:00:01]} fxe5 {[%emt 0:00:01]} 18. fxe5 {[%emt 0:00:01]} cxb3 {[%emt 0:00:01]} 19. Nxb3 {[%emt 0:00:01]} Rc8 {[%emt 0:00:01]} 20. Nd2 {[%emt 0:00:01]} Rxf1+ {[%emt 0:00:01]} 21. Nxf1 {[%emt 0:00:01]} Ba6 {[%emt 0:00:01]} 22. Nfg3 {[%emt 0:00:02]} Nc6 {[%emt 0:00:03]} 23. Nf4 {[%emt 0:00:01]} Bh6 {[%emt 0:00:02]} 24. Qd2 {[%emt 0:00:03]} Bxf4 {[%emt 0:00:01]} 25. Bxf4 {[%emt 0:00:01]} Bc4 {[%emt 0:00:06]} 26. Bf1 {[%emt 0:00:01]} Bxf1 {[%emt 0:00:01]} 27. Nxf1 {[%emt 0:00:00]} Na5 {[%emt 0:00:00]} 28. Ne3 {[%emt 0:00:01]} Nc4 {[%emt 0:00:01]} 29. Nxc4 {[%emt 0:00:01]} Qxc4 {[%emt 0:00:00]} 30. Bg5 {[%emt 0:00:02]} b5 {[%emt 0:00:03]} 31. Be7 {[%emt 0:00:01]} Nb6 {[%emt 0:00:01]} 32. Bd6+ {[%emt 0:00:01]} Kb7 {[%emt 0:00:01]} 33. Qb2 {[%emt 0:00:01]} a6 {[%emt 0:00:03]} 34. Qb3 {[%emt 0:00:01]} Qxb3 {[%emt 0:00:01]} 35. axb3 {[%emt 0:00:00]} b4 {[%emt 0:00:03]} 36. Bxb4 {[%emt 0:00:01]} Nd7 {[%emt 0:00:06]} 37. Bd6 {[%emt 0:00:01]} Nb6 {[%emt 0:00:01]} 38. Kf2 {[%emt 0:00:01]} Rc6 {[%emt 0:00:01]} 39. Ke3 {[%emt 0:00:01]} Nc8 {[%emt 0:00:00]} 40. Bc5 {[%emt 0:00:01]} Nb6 {[%emt 0:00:01]} 41. Kd3 {[%emt 0:00:01]} Nd7 {[%emt 0:00:01]} 42. Ba3 {[%emt 0:00:01]} Kb6 {[%emt 0:00:01]} 43. c4 {[%emt 0:00:01]} dxc4+ {[%emt 0:00:01]} 44. bxc4 {[%emt 0:00:00]} Rc7 {[%emt 0:00:01]} 45. c5+ {[%emt 0:00:01]} Kc6 {[%emt 0:00:01]} 46. Rb1 {[%emt 0:00:01]} Kd5 {[%emt 0:00:01]} 47. Bb4 {[%emt 0:00:02]} Rc6 {[%emt 0:00:01]} 48. Ba5 {[%emt 0:00:01]} Nf8 {[%emt 0:00:02]} 49. Bd8 {[%emt 0:00:01]} Nd7 {[%emt 0:00:00]} 50. Be7 {[%emt 0:00:01]} Nxe5+ {[%emt 0:00:01]} 51. dxe5 {[%emt 0:00:01]} Kxe5 {[%emt 0:00:00]} 52. Bd6+ {[%emt 0:00:00]} Kd5 {[%emt 0:00:00]} 53. Kc3 {[%emt 0:00:01]} e5 {[%emt 0:00:00]} 54. Rd1+ {[%emt 0:00:02]} Ke6 {[%emt 0:00:00]} 55. Kc4 {[%emt 0:00:00]} e4 {[%emt 0:00:01]} 56. Re1 {[%emt 0:00:01]} e3 {[%emt 0:00:00]} 57. Rxe3+ {[%emt 0:00:01]} Kd7 {[%emt 0:00:00]} 58. Re7+ {[%emt 0:00:00]} Kc8 {[%emt 0:00:00]} 59. Rc7+ {[%emt 0:00:01]} Kb8 {[%emt 0:00:01]} 60. Rxc6+ {[%emt 0:00:01]} Ka8 {[%emt 0:00:00]} 61. Rxa6+ {[%emt 0:00:00] Zaman (Lag: Av=0.66s, max=1.0s)} 1-0

[Event "178th Stay Safe Play From Home series"]
[Site "T#646379Emanuel Laske"]
[Date "2020.05.27"]
[Round "6"]
[White "The Next Contender"]
[Black "Trotsky"]
[Result "1-0"]
[WhiteElo "1884"]
[BlackElo "1565"]
[Annotator "NA RC"]
[PlyCount "65"]
[EventDate "2020.05.27"]
[EventType "swiss (blitz)"]

1. d4 {[%emt 0:00:01]} d5 {[%emt 0:00:01]} 2. c4 {[%emt 0:00:01]} e6 {[%emt 0:00:00]} 3. Nf3 {[%emt 0:00:02]} c5 {[%emt 0:00:01]} 4. dxc5 {[%emt 0:00:01]} Bxc5 {[%emt 0:00:02]} 5. g3 {[%emt 0:00:00]} Nc6 {[%emt 0:00:02]} 6. Bg2 {[%emt 0:00:01]} Nf6 {[%emt 0:00:01]} 7. cxd5 {[%emt 0:00:01]} exd5 {[%emt 0:00:01]} 8. O-O {[%emt 0:00:00]} Be6 {[%emt 0:00:01]} 9. e3 {[%emt 0:00:01]} Qc7 {[%emt 0:00:01]} 10. b3 {[%emt 0:00:01]} O-O-O {[%emt 0:00:01]} 11. Bb2 {[%emt 0:00:00]} Ng4 {[%emt 0:00:04]} 12. Nbd2 {[%emt 0:00:01]} h5 {[%emt 0:00:01]} 13. h4 {[%emt 0:00:01]} Bd6 {[%emt 0:00:01]} 14. Rc1 {[%emt 0:00:03]} Bxg3 {[%emt 0:00:01]} 15. fxg3 {[%emt 0:00:01]} Qxg3 {[%emt 0:00:01]} 16. Qe1 {[%emt 0:00:01]} Qd6 {[%emt 0:00:02]} 17. e4 {[%emt 0:00:02]} Kb8 {[%emt 0:00:01]} 18. exd5 {[%emt 0:00:01]} Bxd5 {[%emt 0:00:01]} 19. Nc4 {[%emt 0:00:02]} Qc7 {[%emt 0:00:04]} 20. Nce5 {[%emt 0:00:02]} Qd6 {[%emt 0:00:07]} 21. Nxg4 {[%emt 0:00:01]} hxg4 {[%emt 0:00:02]} 22. Ng5 {[%emt 0:00:01]} Bxg2 {[%emt 0:00:04]} 23. Kxg2 {[%emt 0:00:01]} Qd5+ {[%emt 0:00:01]} 24. Qe4 {[%emt 0:00:03]} Qd2+ {[%emt 0:00:02]} 25. Rf2 {[%emt 0:00:01]} Qd6 {[%emt 0:00:03]} 26. Rxc6 {[%emt 0:00:03]} bxc6 {[%emt 0:00:01]} 27. Be5 {[%emt 0:00:01]} Qxe5 {[%emt 0:00:06]} 28. Qxe5+ {[%emt 0:00:00]} Ka8 {[%emt 0:00:01]} 29. Nxf7 {[%emt 0:00:01]} Rde8 {[%emt 0:00:01]} 30. Qd6 {[%emt 0:00:02]} Rhf8 {[%emt 0:00:02]} 31. Qxc6+ {[%emt 0:00:01]} Kb8 {[%emt 0:00:02]} 32. Nd6 {[%emt 0:00:01]} Rc8 {[%emt 0:00:02]} 33. Nxc8 {[%emt 0:00:01] Âðåìÿ . (Lag: Av=0.39s, max=0.7s)} 1-0

[Event "178th Stay Safe Play From Home series"]
[Site "T#646379Emanuel Laske"]
[Date "2020.05.27"]
[Round "6"]
[White "Tunca"]
[Black "Haris kollari 13"]
[Result "0-1"]
[WhiteElo "1828"]
[BlackElo "1607"]
[Annotator "NA"]
[PlyCount "64"]
[EventDate "2020.05.27"]
[EventType "swiss (blitz)"]

1. e4 {[%emt 0:00:01]} e6 {[%emt 0:00:00]} 2. d4 {[%emt 0:00:02]} d5 {[%emt 0:00:00]} 3. Nd2 {[%emt 0:00:07]} Nf6 {[%emt 0:00:01]} 4. e5 {[%emt 0:00:01]} Nfd7 {[%emt 0:00:01]} 5. Bd3 {[%emt 0:00:02]} c5 {[%emt 0:00:00]} 6. c3 {[%emt 0:00:00]} Nc6 {[%emt 0:00:00]} 7. Ne2 {[%emt 0:00:01]} c4 {[%emt 0:00:00]} 8. Bc2 {[%emt 0:00:01]} b5 {[%emt 0:00:00]} 9. Nf3 {[%emt 0:00:01]} Nb6 {[%emt 0:00:01]} 10. O-O {[%emt 0:00:01]} Bd7 {[%emt 0:00:00]} 11. Ng3 {[%emt 0:00:01]} Qc7 {[%emt 0:00:00]} 12. Bf4 {[%emt 0:00:05]} O-O-O {[%emt 0:00:01]} 13. a4 {[%emt 0:00:02]} a6 {[%emt 0:00:03]} 14. axb5 {[%emt 0:00:01]} axb5 {[%emt 0:00:01]} 15. Ra6 {[%emt 0:00:02]} Kb7 {[%emt 0:00:01]} 16. Qa1 {[%emt 0:00:02]} f6 {[%emt 0:00:02]} 17. Nh5 {[%emt 0:00:08]} f5 {[%emt 0:00:06]} 18. Ng3 {[%emt 0:00:02]} h6 {[%emt 0:00:01]} 19. b3 {[%emt 0:00:05]} g5 {[%emt 0:00:01]} 20. Bd2 {[%emt 0:00:00]} Be7 {[%emt 0:00:03]} 21. Nh5 {[%emt 0:00:01]} g4 {[%emt 0:00:03]} 22. Ne1 {[%emt 0:00:02]} Ra8 {[%emt 0:00:02]} 23. Rxa8 {[%emt 0:00:01]} Rxa8 {[%emt 0:00:01]} 24. Qb2 {[%emt 0:00:00]} cxb3 {[%emt 0:00:02]} 25. Bxb3 {[%emt 0:00:01]} Nc4 {[%emt 0:00:01]} 26. Bxc4 {[%emt 0:00:01]} dxc4 {[%emt 0:00:03]} 27. Qxb5+ {[%emt 0:00:00]} Kc8 {[%emt 0:00:01]} 28. Ng7 {[%emt 0:00:01]} Nxd4 {[%emt 0:00:02]} 29. Qb1 {[%emt 0:00:04]} Ne2+ {[%emt 0:00:01]} 30. Kh1 {[%emt 0:00:00]} g3 {[%emt 0:00:02]} 31. Nc2 {[%emt 0:00:01]} gxh2 {[%emt 0:00:03]} 32. Qe1 {[%emt 0:00:01]} Qxe5 {[%emt 0:00:01] Time (Lag: Av=0.47s, max=1.0s)} 0-1

[Event "178th Stay Safe Play From Home series"]
[Site "T#646379Emanuel Laske"]
[Date "2020.05.27"]
[Round "6"]
[White "Grizzzly"]
[Black "matanant"]
[Result "1-0"]
[WhiteElo "1713"]
[BlackElo "1662"]
[Annotator "NA"]
[PlyCount "61"]
[EventDate "2020.05.27"]
[EventType "swiss (blitz)"]

1. d4 {[%emt 0:00:01]} e6 {[%emt 0:00:01]} 2. Nf3 {[%emt 0:00:00]} f5 {[%emt 0:00:01]} 3. Bf4 {[%emt 0:00:01]} Nf6 {[%emt 0:00:00]} 4. e3 {[%emt 0:00:00]} d5 {[%emt 0:00:01]} 5. c3 {[%emt 0:00:00]} Bd6 {[%emt 0:00:01]} 6. Bd3 {[%emt 0:00:00]} O-O {[%emt 0:00:01]} 7. Ne5 {[%emt 0:00:01]} Bd7 {[%emt 0:00:01]} 8. Nd2 {[%emt 0:00:01]} Be8 {[%emt 0:00:01]} 9. O-O {[%emt 0:00:01]} Nbd7 {[%emt 0:00:01]} 10. Bg3 {[%emt 0:00:02]} Ne4 {[%emt 0:00:06]} 11. Nxd7 {[%emt 0:00:03]} Qxd7 {[%emt 0:00:01]} 12. Bxd6 {[%emt 0:00:01]} Qxd6 {[%emt 0:00:01]} 13. f3 {[%emt 0:00:01]} Nf6 {[%emt 0:00:03]} 14. Qe2 {[%emt 0:00:02]} c5 {[%emt 0:00:02]} 15. e4 {[%emt 0:00:00]} fxe4 {[%emt 0:00:02]} 16. fxe4 {[%emt 0:00:00]} Qc7 {[%emt 0:00:03]} 17. exd5 {[%emt 0:00:01]} exd5 {[%emt 0:00:01]} 18. Qe6+ {[%emt 0:00:02]} Bf7 {[%emt 0:00:03]} 19. Qe2 {[%emt 0:00:02]} Rae8 {[%emt 0:00:02]} 20. Qf3 {[%emt 0:00:01]} c4 {[%emt 0:00:01]} 21. Bc2 {[%emt 0:00:01]} b5 {[%emt 0:00:02]} 22. Rae1 {[%emt 0:00:00]} Qd7 {[%emt 0:00:03]} 23. Rxe8 {[%emt 0:00:01]} Rxe8 {[%emt 0:00:03]} 24. Qf2 {[%emt 0:00:00]} Ne4 {[%emt 0:00:05]} 25. Nxe4 {[%emt 0:00:01]} dxe4 {[%emt 0:00:01]} 26. Re1 {[%emt 0:00:04]} Bg6 {[%emt 0:00:01]} 27. Qf4 {[%emt 0:00:01]} Qf5 {[%emt 0:00:02]} 28. Qe3 {[%emt 0:00:02]} Re7 {[%emt 0:00:01]} 29. Rf1 {[%emt 0:00:02]} a6 {[%emt 0:00:00]} 30. Rxf5 {[%emt 0:00:02]} Bxf5 {[%emt 0:00:00]} 31. d5 {[%emt 0:00:00] (Lag: Av=0.55s, max=0.8s)} 1-0

[Event "178th Stay Safe Play From Home series"]
[Site "T#646379Emanuel Laske"]
[Date "2020.05.27"]
[Round "7"]
[White "Eidgenosse"]
[Black "Lazieri3"]
[Result "1-0"]
[WhiteElo "2435"]
[BlackElo "2089"]
[Annotator "RC"]
[PlyCount "63"]
[EventDate "2020.05.27"]
[EventType "swiss (blitz)"]

1. Nf3 {[%emt 0:00:00]} c6 {[%emt 0:00:00]} 2. g3 {[%emt 0:00:00]} d5 {[%emt 0:00:00]} 3. Bg2 {[%emt 0:00:00] Lazieri3 offers a draw} Nf6 {[%emt 0:00:01]} 4. O-O {[%emt 0:00:00]} Bf5 {[%emt 0:00:00]} 5. d3 {[%emt 0:00:01]} Qc8 {[%emt 0:00:00]} 6. Re1 {[%emt 0:00:02]} Bh3 {[%emt 0:00:01]} 7. Bh1 {[%emt 0:00:00]} h5 {[%emt 0:00:01]} 8. Bg5 {[%emt 0:00:01]} Bf5 {[%emt 0:00:01]} 9. Nc3 {[%emt 0:00:01]} g6 {[%emt 0:00:01]} 10. e4 {[%emt 0:00:01]} dxe4 {[%emt 0:00:01]} 11. dxe4 {[%emt 0:00:00]} Be6 {[%emt 0:00:01]} 12. e5 {[%emt 0:00:04]} Nd5 {[%emt 0:00:02]} 13. Nd4 {[%emt 0:00:02]} Nxc3 {[%emt 0:00:01]} 14. bxc3 {[%emt 0:00:00]} Bd5 {[%emt 0:00:02]} 15. Bxd5 {[%emt 0:00:01]} cxd5 {[%emt 0:00:00]} 16. e6 {[%emt 0:00:00]} Nc6 {[%emt 0:00:06]} 17. Qd3 {[%emt 0:00:03]} Nxd4 {[%emt 0:00:05]} 18. cxd4 {[%emt 0:00:00]} f6 {[%emt 0:00:01]} 19. Qxg6+ {[%emt 0:00:01]} Kd8 {[%emt 0:00:01]} 20. Bxf6 {[%emt 0:00:02]} Rh6 {[%emt 0:00:04]} 21. Bxe7+ {[%emt 0:00:01]} Kxe7 {[%emt 0:00:00]} 22. Qf7+ {[%emt 0:00:01]} Kd6 {[%emt 0:00:00]} 23. e7 {[%emt 0:00:06]} Qe8 {[%emt 0:00:09]} 24. Qf4+ {[%emt 0:00:05]} Kc6 {[%emt 0:00:03]} 25. c4 {[%emt 0:00:03]} Rd6 {[%emt 0:00:05]} 26. Rac1 {[%emt 0:00:04]} Bxe7 {[%emt 0:00:06]} 27. cxd5+ {[%emt 0:00:01]} Kd7 {[%emt 0:00:00]} 28. Qf5+ {[%emt 0:00:01]} Kd8 {[%emt 0:00:01]} 29. Re6 {[%emt 0:00:01]} Rxe6 {[%emt 0:00:01]} 30. dxe6 {[%emt 0:00:00]} Qf8 {[%emt 0:00:02]} 31. Qd5+ {[%emt 0:00:01]} Ke8 {[%emt 0:00:01]} 32. Qd7# {[%emt 0:00:01] (Lag: Av=0.35s, max=0.5s)} 1-0

[Event "178th Stay Safe Play From Home series"]
[Site "T#646379Emanuel Laske"]
[Date "2020.05.27"]
[Round "7"]
[White "Mepe_Nika"]
[Black "Lamborghini"]
[Result "0-1"]
[WhiteElo "2286"]
[BlackElo "2254"]
[Annotator "RC"]
[PlyCount "108"]
[EventDate "2020.05.27"]
[EventType "swiss (blitz)"]

1. d4 {[%emt 0:00:01]} Nf6 {[%emt 0:00:01]} 2. Bf4 {[%emt 0:00:01]} g6 {[%emt 0:00:00]} 3. Nc3 {[%emt 0:00:01]} Bg7 {[%emt 0:00:00]} 4. e4 {[%emt 0:00:00]} d6 {[%emt 0:00:01]} 5. Qd2 {[%emt 0:00:01]} h6 {[%emt 0:00:00]} 6. O-O-O {[%emt 0:00:01]} c6 {[%emt 0:00:01]} 7. f3 {[%emt 0:00:00]} Nbd7 {[%emt 0:00:01]} 8. g4 {[%emt 0:00:01]} Qc7 {[%emt 0:00:02]} 9. h4 {[%emt 0:00:01]} e5 {[%emt 0:00:01]} 10. Be3 {[%emt 0:00:01]} h5 {[%emt 0:00:02]} 11. g5 {[%emt 0:00:01]} Ng8 {[%emt 0:00:01]} 12. Nge2 {[%emt 0:00:00]} Ne7 {[%emt 0:00:01]} 13. f4 {[%emt 0:00:01]} exf4 {[%emt 0:00:04]} 14. Nxf4 {[%emt 0:00:01]} b5 {[%emt 0:00:02]} 15. Bd3 {[%emt 0:00:02]} b4 {[%emt 0:00:01]} 16. Nce2 {[%emt 0:00:01]} a5 {[%emt 0:00:02]} 17. Rhf1 {[%emt 0:00:01]} O-O {[%emt 0:00:01]} 18. Ng3 {[%emt 0:00:02]} c5 {[%emt 0:00:01]} 19. Nfxh5 {[%emt 0:00:02]} cxd4 {[%emt 0:00:01]} 20. Nxg7 {[%emt 0:00:02]} dxe3 {[%emt 0:00:01]} 21. Qxe3 {[%emt 0:00:00]} Kxg7 {[%emt 0:00:01]} 22. h5 {[%emt 0:00:00]} Ne5 {[%emt 0:00:01]} 23. Nf5+ {[%emt 0:00:01]} gxf5 {[%emt 0:00:03]} 24. exf5 {[%emt 0:00:00]} Nxd3+ {[%emt 0:00:02]} 25. Qxd3 {[%emt 0:00:01]} Bxf5 {[%emt 0:00:01]} 26. Qd4+ {[%emt 0:00:01]} Kg8 {[%emt 0:00:01]} 27. h6 {[%emt 0:00:01]} f6 {[%emt 0:00:04]} 28. Rd2 {[%emt 0:00:06]} Qc5 {[%emt 0:00:03]} 29. Qd3 {[%emt 0:00:04]} Bxd3 {[%emt 0:00:01]} 30. Rxd3 {[%emt 0:00:00]} Qxg5+ {[%emt 0:00:01]} 31. Kb1 {[%emt 0:00:01]} Kh7 {[%emt 0:00:01]} 32. Rxd6 {[%emt 0:00:01]} Ng6 {[%emt 0:00:01]} 33. Rd7+ {[%emt 0:00:01]} Kxh6 {[%emt 0:00:01]} 34. Rh1+ {[%emt 0:00:01]} Nh4 {[%emt 0:00:01]} 35. Rd4 {[%emt 0:00:02]} Kh5 {[%emt 0:00:01]} 36. b3 {[%emt 0:00:02]} Rae8 {[%emt 0:00:02]} 37. a4 {[%emt 0:00:01]} f5 {[%emt 0:00:01]} 38. Rhd1 {[%emt 0:00:02]} f4 {[%emt 0:00:01]} 39. Rd7 {[%emt 0:00:01]} Rf5 {[%emt 0:00:01]} 40. Rh7+ {[%emt 0:00:01]} Qh6 {[%emt 0:00:02]} 41. Rdd7 {[%emt 0:00:02]} Qxh7 {[%emt 0:00:01]} 42. Rxh7+ {[%emt 0:00:00]} Kg4 {[%emt 0:00:00]} 43. Rg7+ {[%emt 0:00:00]} Rg5 {[%emt 0:00:00]} 44. Rd7 {[%emt 0:00:01]} Nf5 {[%emt 0:00:00]} 45. Rd1 {[%emt 0:00:02]} f3 {[%emt 0:00:00]} 46. Rg1+ {[%emt 0:00:00]} Kf4 {[%emt 0:00:00]} 47. Rd1 {[%emt 0:00:00]} Re2 {[%emt 0:00:03]} 48. Kb2 {[%emt 0:00:00]} Ke3 {[%emt 0:00:00]} 49. Rd8 {[%emt 0:00:01]} Nd4 {[%emt 0:00:00]} 50. Re8+ {[%emt 0:00:00]} Kd2 {[%emt 0:00:01]} 51. Rf8 {[%emt 0:00:00]} Kd1 {[%emt 0:00:01]} 52. Kb1 {[%emt 0:00:01]} Rxc2 {[%emt 0:00:00]} 53. Rd8 {[%emt 0:00:00]} Rc1+ {[%emt 0:00:00]} 54. Ka2 {[%emt 0:00:01]} Rg2# {[%emt 0:00:00] (Lag: Av=0.33s, max=0.8s)} 0-1

[Event "178th Stay Safe Play From Home series"]
[Site "T#646379Emanuel Laske"]
[Date "2020.05.27"]
[Round "7"]
[White "SoulofWolf"]
[Black "Praveen prasad"]
[Result "1-0"]
[WhiteElo "2177"]
[BlackElo "2319"]
[Annotator "RC"]
[PlyCount "107"]
[EventDate "2020.05.27"]
[EventType "swiss (blitz)"]

1. d4 {[%emt 0:00:01]} d5 {[%emt 0:00:01]} 2. Nf3 {[%emt 0:00:00]} c5 {[%emt 0:00:01]} 3. Bg5 {[%emt 0:00:00]} cxd4 {[%emt 0:00:00]} 4. Nxd4 {[%emt 0:00:00]} Nf6 {[%emt 0:00:01]} 5. e3 {[%emt 0:00:01]} Nc6 {[%emt 0:00:01]} 6. Bb5 {[%emt 0:00:01]} Bd7 {[%emt 0:00:01]} 7. O-O {[%emt 0:00:00]} e5 {[%emt 0:00:02]} 8. Nxc6 {[%emt 0:00:01]} bxc6 {[%emt 0:00:00]} 9. Be2 {[%emt 0:00:00]} Be7 {[%emt 0:00:00]} 10. c4 {[%emt 0:00:01]} h6 {[%emt 0:00:00]} 11. Bh4 {[%emt 0:00:01]} Be6 {[%emt 0:00:04]} 12. cxd5 {[%emt 0:00:02]} Qxd5 {[%emt 0:00:03]} 13. Nc3 {[%emt 0:00:00]} Qxd1 {[%emt 0:00:02]} 14. Rfxd1 {[%emt 0:00:00]} Nd5 {[%emt 0:00:00]} 15. Nxd5 {[%emt 0:00:03]} Bxd5 {[%emt 0:00:00]} 16. Bg3 {[%emt 0:00:01]} Bf6 {[%emt 0:00:01]} 17. f3 {[%emt 0:00:02]} O-O {[%emt 0:00:01]} 18. e4 {[%emt 0:00:00]} Be6 {[%emt 0:00:00]} 19. b3 {[%emt 0:00:03]} c5 {[%emt 0:00:02]} 20. Rac1 {[%emt 0:00:01]} Rfc8 {[%emt 0:00:01]} 21. Bf2 {[%emt 0:00:01]} c4 {[%emt 0:00:00]} 22. bxc4 {[%emt 0:00:02]} Bg5 {[%emt 0:00:01]} 23. Rc2 {[%emt 0:00:01]} a5 {[%emt 0:00:01]} 24. g3 {[%emt 0:00:01]} Ra6 {[%emt 0:00:01]} 25. h4 {[%emt 0:00:00]} Be7 {[%emt 0:00:02]} 26. Rdc1 {[%emt 0:00:01]} Rac6 {[%emt 0:00:00]} 27. c5 {[%emt 0:00:03]} Bd7 {[%emt 0:00:02]} 28. Bb5 {[%emt 0:00:01]} R6c7 {[%emt 0:00:02]} 29. Ba6 {[%emt 0:00:00]} Ra8 {[%emt 0:00:02]} 30. Be2 {[%emt 0:00:01]} Be6 {[%emt 0:00:02]} 31. Be3 {[%emt 0:00:02]} Rc6 {[%emt 0:00:02]} 32. Bb5 {[%emt 0:00:01]} Rc7 {[%emt 0:00:00]} 33. Be2 {[%emt 0:00:00]} Rb8 {[%emt 0:00:01]} 34. Kf2 {[%emt 0:00:00]} h5 {[%emt 0:00:00]} 35. f4 {[%emt 0:00:01]} g6 {[%emt 0:00:01]} 36. Ba6 {[%emt 0:00:04]} Rb4 {[%emt 0:00:03]} 37. Bd3 {[%emt 0:00:01]} f6 {[%emt 0:00:03]} 38. Bd2 {[%emt 0:00:01]} Rd4 {[%emt 0:00:02]} 39. Ke2 {[%emt 0:00:01]} Rcd7 {[%emt 0:00:02]} 40. Bb5 {[%emt 0:00:02]} Rxe4+ {[%emt 0:00:01]} 41. Kf3 {[%emt 0:00:03]} Rdd4 {[%emt 0:00:01]} 42. Be3 {[%emt 0:00:01]} Bg4+ {[%emt 0:00:01]} 43. Kf2 {[%emt 0:00:00]} Rd8 {[%emt 0:00:02]} 44. Bc6 {[%emt 0:00:01]} Rb4 {[%emt 0:00:02]} 45. a4 {[%emt 0:00:01]} exf4 {[%emt 0:00:00]} 46. gxf4 {[%emt 0:00:01]} Bf5 {[%emt 0:00:01]} 47. Rc3 {[%emt 0:00:01]} Rc8 {[%emt 0:00:00]} 48. Bb5 {[%emt 0:00:01]} Rc7 {[%emt 0:00:00]} 49. Bc4+ {[%emt 0:00:00]} Kg7 {[%emt 0:00:03]} 50. Bd2 {[%emt 0:00:00]} Rxa4 {[%emt 0:00:00]} 51. Ke1 {[%emt 0:00:00]} Rb4 {[%emt 0:00:00]} 52. Bb5 {[%emt 0:00:00]} Bxc5 {[%emt 0:00:00]} 53. Bc4 {[%emt 0:00:01]} Bd4 {[%emt 0:00:01]} 54. R3c2 {[%emt 0:00:01] Time (Lag: Av=0.98s, max=1.6s)} 1-0